| 000 | 00582nam a2200205 i 4500 | ||
|---|---|---|---|
| 001 | bg | ||
| 245 | 0 | 0 |
_aKatalog materiałów dla budownictwa szkieletowego / _cCentrum Budownictwa Szkieletowego. |
| 260 |
_aGdańsk : _bProPol CBS, _c1997. |
||
| 300 |
_a80 s. : _bfot. kol., rys. ; _c30 cm. |
||
| 650 | 9 |
_aBudownictwo _xmateriały |
|
| 655 | _aKatalogi | ||
| 710 | 0 | _aCentrum Budownictwa Szkieletowego | |
| 020 | _a8390586304 | ||
| 040 | _cBPK | ||
| 041 | 0 | _apl | |
| 080 | _a691(085.2) | ||
| 920 | _a83-905863-0-4 | ||
| 942 | _cKA | ||
| 008 | s pl f |000 0 pol | ||
| 999 |
_c24269 _d24269 |
||
| 856 |
_uhttp://koha.tu.koszalin.pl/cgi-bin/koha/opac-detail.pl?biblionumber=24269 _yKatalog online BPK |
||